El cazador oculto

Kaydedildi:
Detaylı Bibliyografya
Yazar: Salinger, Jerome David (Yazar)
Materyal Türü: Kitap
Dil:İspanyolca
Baskı/Yayın Bilgisi: Buenos Aires Compañía General Fabril Editora 1961
Edisyon:1a. ed
Konular:
Etiketler: Etiketle
Etiket eklenmemiş, İlk siz ekleyin!

MARC

LEADER 00000cam a2200000 a 4500
001 UCE2155
003 CL-VaPUC
008 140612e19610000ag |||||||||||||||||spa|d
082 0 4 |a 813  |b SAL  |2 21 
100 0 |a Salinger, Jerome David  |e author  |9 574617 
245 1 3 |a El cazador oculto 
250 |a 1a. ed 
300 |a 208 p 
942 |c BK 
945 |d 20140612 14:08:00  |a dcastane 
260 |a Buenos Aires  |b Compañía General Fabril Editora  |c 1961 
650 0 |a Novelas estadounidenses  |9 265217 
650 0 |a Literatura estadounidense  |9 317168 
583 |a last modification  |c 20140612 14:08:00  |k Rodrigo Vera 
999 |c 355818  |d 355816 
952 |0 0  |1 0  |3 erb  |4 0  |6 813_000000000000000_SAL_1961  |7 0  |8 A  |9 462680  |a BIBEDU  |b BIBEDU  |i 5047811  |o 813 SAL 1961  |p 5047811  |r 2019-11-23  |w 2019-11-23  |y BK  |z Catalogado en:20140612  |k LIT